000 01000nas a2200313 4500
001 BR2011000294
003 BR-BrBNA
005 20231205115955.0
007 ta
008 230509b bl.|||p| |||| 00| 00por d
040 _aBR-BrBNA
_bpor
_cBiblioteca Nacional de Agricultura
041 _a(En)
072 _aL20
100 1 _aLópez-Guillén, G.
100 1 _aVirgen, A.
100 1 _aRojas, J.C.
245 1 _aColor preference of Anastrepha obliqua (Diptera, Tephritidae)
246 1 _aColor preference of Anastrepha obliqua (Diptera, Tephritidae)
650 _aINSETO
650 _aDIPTERA
650 _aMOSCA DAS FRUTAS
650 _aCOR
650 _aCOMPORTAMENTO ANIMAL
650 _aOLFATO
773 0 _tRevista Brasileira de Entomologia (Brazil)
_xISSN 0085-5626
_g(Jan-Mar 2009), v. 53(1) p. 157-159
_wBR2011000294
856 4 _uhttp://www.scielo.br/pdf/rbent/v53n1/34.pdf
_yRecurso eletrônico (PDF)
909 _a202311
_bLúcia
_c55
_dLúcia Elande
942 _2AGRIS
_n0
_cANA
999 _c216546
_d216546